[Event "LSS CP-2006-P-00089"]
[Site "LSS email"]
[Date "2006.11.08"]
[Round "?"]
[White "Hicdoenmez, Hakan"]
[Black "Rodriguez, Benjamin"]
[Result "1-0"]
[WhiteElo "800"]
[BlackElo "995"]
[PlyCount "64"]
[EventDate "2006.11.04"]
[EventType "tourn (corr)"]
[EventRounds "6"]
[EventCountry "GER"]
[SourceTitle "Corr 2022"]
[Source "ChessBase"]
[SourceDate "2021.10.24"]
[SourceVersion "1"]
[SourceVersionDate "2021.10.24"]
[SourceQuality "1"]

1. e4 d6 2. d4 Nf6 3. Nc3 g6 4. Nf3 Bg7 5. Be2 0-0 6. 0-0 c6 7. a4 Nbd7 8. b4 e5 9. Bg5 Qe7 10. d5 a5 11. Qb1 h6 12. Be3 Ng4 13. Bd2 Ngf6 14. dxc6 bxc6 15. bxa5 Nc5 16. Qb4 Ba6 17. Bxa6 Rxa6 18. Be3 Rfa8 19. Bxc5 dxc5 20. Qb3 Qa7 21. Rab1 Qe7 22. Rfd1 Rxa5 23. Qb6 R5a6 24. Qb7 Qe6 25. Rb6 Rxb6 26. Qxb6 Qc4 27. Qb3 Qxb3 28. cxb3 Bf8 29. Nxe5 Rb8 30. Rb1 Bd6 31. Nxc6 Rb6 32. e5 Rxc6 1-0

[Event "LSS CP-2006-P-00089"]
[Site "LSS email"]
[Date "2006.11.07"]
[Round "?"]
[White "Rodriguez, Benjamin"]
[Black "Andrade, Daniel"]
[Result "0-1"]
[WhiteElo "995"]
[BlackElo "969"]
[PlyCount "48"]
[EventDate "2006.11.04"]
[EventType "tourn (corr)"]
[EventRounds "6"]
[EventCountry "GER"]
[SourceTitle "Corr 2022"]
[Source "ChessBase"]
[SourceDate "2021.10.24"]
[SourceVersion "1"]
[SourceVersionDate "2021.10.24"]
[SourceQuality "1"]

1. e4 e5 2. Nf3 Nc6 3. Bb5 a6 4. Bxc6 dxc6 5. 0-0 Nf6 6. d4 Bg4 7. dxe5 Qxd1 8. Rxd1 Nxe4 9. h3 Bh5 10. g4 Bg6 11. Be3 Be7 12. Nbd2 0-0-0 13. Nxe4 Bxe4 14. Nd4 g6 15. c3 c5 16. Nb3 Bf3 17. Rxd8+ Rxd8 18. Nxc5 Rd5 19. Nb3 Rxe5 20. Nd4 Bd5 21. b3 c5 22. Nc2 h5 23. Re1 Re6 24. Rd1 Bf3 0-1